000 00517nam a2200205 a 4500
001 BRCA_6504
005 20190320205502.0
008 270911s1909----fr-#######---#000-0#fre-#
041 _afre
044 _afr
050 4 _aPQ2639
_b.I5 O5
_c1909
100 1 _aTinayre, Marcelle
_d1872-
_916256
245 1 0 _aL´ombre de l´amour
_cMarcelle Tinayre.
260 _aParís
_bCalmann-Levy
_c1909
300 _a349 p.
_c19 cm.
500 _aL40
650 1 4 _aLiteratura francesa
_916257
902 _aGFM
942 _2lcc
_cB
999 _c6188
_d6188